| 000 | 01385nam a2200349 a 4500 | ||
|---|---|---|---|
| 001 | 000111515 | ||
| 003 | CHAP | ||
| 005 | 20220329144215.0 | ||
| 008 | 150514s2014 mx a fsm |||||||spa d | ||
| 010 | _a107977 | ||
| 011 | _a108949 | ||
| 040 | _cCHAP | ||
| 090 | _aTesis | ||
| 100 | 1 |
_aManrique Ascencio, Diana Alejandra _9129402 |
|
| 245 | 1 | 3 |
_aLa educación ambiental con mujeres: _h[En línea] _buna estrategia para el desarrollo sustentable. El caso de las mujeres de la comunidad indígena de Colola, Michoacán / _cpor Diana Alejandra Manrique Ascencio. |
| 260 |
_aMorelia, Mich. : _bEl autor, _c2014. |
||
| 500 | _aPara ver el contenido del material haga clic en la liga | ||
| 502 | _aTesis (M. C. en Desarrollo Rural Regional) -- UACH. Dirección de Centros Regionales Universitarios | ||
| 590 |
_aE11695DGD _b10 _c20150515 _lUCH01 _h1004 |
||
| 590 |
_aE6096MTM _b05 _c20150514 _lUCH01 _h1103 |
||
| 590 |
_aE6096MTM _b05 _c20150514 _lUCH01 _h1104 |
||
| 590 |
_aE6096MTM _b05 _c20150514 _lUCH01 _h1440 |
||
| 650 | 1 | 4 |
_aDesarrollo sustentable _zMichoacán. _932103 |
| 650 | 1 | 4 |
_aEducación ambiental. _935556 |
| 650 | 1 | 4 |
_aIndios de Michoacán. _957618 |
| 650 | 1 | 4 |
_aMujer en comunidades rurales. _979360 |
| 650 | 1 | 4 |
_aMujer _zMichoacán. _979353 |
| 856 |
_aFinding aid _uhttp://10.13.5.2/tesis/sist111515.pdf _zTeclea aquí |
||
| 901 | _aBK | ||
| 942 | _cTESIS | ||
| 942 | _n0 | ||
| 999 |
_c107977 _d107977 |
||